Language Sounds - Statistics

General Stats
  • This quiz has been taken 26 times
  • The average score is 12 of 24
Answer Stats
Sound Language % Correct
It cal. Ian Italian
94%
Chime geese Chinese
88%
Ha pan easy Japanese
88%
Air a Bicker Arabic
81%
Finish Finnish
81%
Rush'in Russian
81%
Spam Hiss Spanish
81%
He Brews Hebrew
75%
Him Die Hindi
75%
Port You Geese Portuguese
75%
Drench French
69%
Germ Ants German
63%
Mad Gasp Can Madagascan
50%
Bass Cue Basque
44%
Baaa House a In Donut Asian Bahasa Indonesian
38%
XO sat Xhosa
31%
You Pick Yupik
19%
Linger Eon Lingurian
6%
Malady am Malayalam
6%
Sill Bow Silbo
6%
Hey a Pant Eco Ayapaneco
0%
Coat an Ease Khotanese
0%
Gore Oh Koro
0%
Mischeif Mitchif
0%
No matching quizzes found
Score Distribution
Percent of People with Each Score
Percentile by Number Answered
Your Score History
You have not taken this quiz